[Event "World Rapid Final"]
[Site "Astana KAZ"]
[Date "2012.07.08"]
[Round "12"]
[White "Tkachiev, Vladislav"]
[Black "Topalov, Veselin"]
[Result "1-0"]
[WhiteTitle "GM"]
[BlackTitle "GM"]
[WhiteElo "2644"]
[BlackElo "2752"]
[WhiteFideId "618438"]
[BlackFideId "2900084"]
[EventDate "2012.07.01"]

1. e4 e6 2. d4 d5 3. exd5 exd5 4. Nf3 Nf6 5. Bd3 Bd6 6. O-O O-O 7. Bg5 Bg4 8.
Nbd2 Re8 9. c3 Nbd7 10. Qc2 h6 11. Bh4 c6 12. Rae1 Qc7 13. Bg3 Nh5 14. Bh7+ Kf8
15. Bxd6+ Qxd6 16. Bf5 Bxf5 17. Qxf5 g6 18. Qb1 Nhf6 19. g3 a5 20. a4 Rxe1 21.
Rxe1 Re8 22. Rxe8+ Nxe8 23. Qd1 Qe6 24. Nb3 b6 25. Nc1 Nd6 26. Nd3 Kg7 27. Nfe5
Nxe5 28. Nxe5 Nf5 29. Qg4 c5 30. h4 cxd4 31. cxd4 h5 32. Qf4 f6 33. Nf3 Qd6 34.
Qxd6 Nxd6 35. Kf1 Kf7 36. Ke2 Ke6 37. b3 Kf5 38. Nd2 Kg4 39. Nb1 Nf5 40. Nc3
Nxd4+ 41. Kf1 Nxb3 42. Nxd5 Kf3 43. Nxb6 Nd2+ 44. Kg1 Ne4 45. Nc4 Nxf2 46. Kh2
Ng4+ 47. Kg1 Kxg3 48. Nxa5 Ne5 49. Nb7 Kxh4 50. a5 Nc6 51. Kf2 g5 52. a6 g4 53.
Nd8 Na7 54. Ne6 g3+ 55. Kf3 Kh3 56. Nf4+ Kh2 57. Ng2 Nc6 58. Nh4 Kh3 59. Ng2 h4
60. Ne3 f5 61. Ng2 Na7 62. Ne3 Nb5 63. Ng2 Nd4+ 64. Ke3 Nb5 65. Kf3 Nc7 66. a7
Na8 67. Ne3 f4 68. Ng2 Kh2 69. Nxh4 Nc7 70. Ng2 Kh3 71. Nxf4+ Kh2 72. Ng2 Kh3
73. Ne3 Na8 74. Ke4 Nc7 75. Kd3 Kh2 76. Kc4 Kg1 77. Nf5 Kf2 78. Nxg3 Kxg3 79.
Kc5 Kf4 80. Kc6 Na8 81. Kb7 1-0

[Event "World Rapid Final"]
[Site "Astana KAZ"]
[Date "2012.07.08"]
[Round "12"]
[White "Ismagambetov, Anuar"]
[Black "Grischuk, Alexander"]
[Result "0-1"]
[WhiteTitle "GM"]
[BlackTitle "GM"]
[WhiteElo "2471"]
[BlackElo "2763"]
[WhiteFideId "13701525"]
[BlackFideId "4126025"]
[EventDate "2012.07.01"]

1. e4 e5 2. Nf3 Nc6 3. Bb5 a6 4. Ba4 Nge7 5. c3 g6 6. d4 exd4 7. cxd4 Bg7 8. d5
b5 9. dxc6 bxa4 10. Qxa4 Nxc6 11. Bg5 Ne7 12. Nc3 h6 13. Bh4 O-O 14. O-O d6 15.
Rad1 Bd7 16. Qa3 g5 17. Bg3 f5 18. exf5 Nxf5 19. Nd5 Kh8 20. Rc1 c6 21. Ne3 Nxg3
22. hxg3 d5 23. b3 Re8 24. g4 h5 25. Qd6 hxg4 26. Nh2 Re6 27. Qc5 Re4 28. Rfd1
Qf8 29. Nhf1 Qxc5 30. Rxc5 Bd4 31. Rc2 Bb6 32. Ng3 Rf4 33. Nc4 Bc7 34. Re2 Re8
35. Rxe8+ Bxe8 36. Ne3 Bd7 37. Kf1 Bb6 38. Ke2 Kg8 39. Rh1 d4 40. Nc4 d3+ 41.
Kxd3 Bxf2 42. Ne2 Rf6 43. Kc3 g3 44. Ne5 Be6 45. Nd4 Bd5 46. Rh5 Be3 47. Kd3 Bf4
48. Ng4 Rg6 49. Nf5 Bxg2 50. Ne7+ Kf7 51. Rh7+ Rg7 52. Nh6+ Kxe7 53. Rxg7+ Kf6
54. Rg8 Bf3 55. Re8 g2 56. Re1 Bg3 57. Rg1 Bh2 58. Rxg2 Bxg2 59. Ng4+ Kf5 60.
Nxh2 Kf4 61. Kd4 0-1

[Event "World Rapid Final"]
[Site "Astana KAZ"]
[Date "2012.07.08"]
[Round "13"]
[White "Grischuk, Alexander"]
[Black "Carlsen, Magnus"]
[Result "1-0"]
[WhiteTitle "GM"]
[BlackTitle "GM"]
[WhiteElo "2763"]
[BlackElo "2837"]
[WhiteFideId "4126025"]
[BlackFideId "1503014"]
[EventDate "2012.07.01"]

1. e4 e5 2. Nf3 Nc6 3. Bb5 Nf6 4. O-O Nxe4 5. d4 Nd6 6. Bxc6 dxc6 7. dxe5 Nf5 8.
Qxd8+ Kxd8 9. Nc3 h6 10. Rd1+ Ke8 11. h3 Ne7 12. Ne4 Ng6 13. Nd4 Nxe5 14. Bf4
Bd6 15. Re1 f6 16. Bxe5 Bxe5 17. Nxf6+ gxf6 18. f4 c5 19. Nb5 Bd7 20. Nc3 Rg8
21. fxe5 Bxh3 22. exf6+ Kf8 23. Re2 Bg4 24. Re3 Bd7 25. Nd5 Bc6 26. Nxc7 Rxg2+
27. Kf1 Rc8 28. Re7 Rxc7 29. Rxc7 Rg6 30. f7 Rf6+ 31. Ke2 Rxf7 32. Rxf7+ Kxf7
33. Rf1+ Ke6 34. Ke3 h5 35. Rf8 Bd5 36. a3 Ke5 37. Re8+ Kd6 38. Rh8 a5 39. Rh6+
Kc7 40. Rxh5 Kd6 41. Rh6+ Kc7 42. Kf4 b6 43. Ke5 Bg2 44. Rh7+ Kb8 45. Rg7 Bf3
46. Kd6 Be4 47. c3 Bh1 48. Re7 Bg2 49. b3 Bh1 50. Re2 Kb7 51. Rb2 Bf3 52. b4
cxb4 53. axb4 axb4 54. Rxb4 Be2 55. c4 Ka6 56. Kc6 Ka5 57. Rb5+ Ka4 58. Kd5 1-0

[Event "World Rapid Final"]
[Site "Astana KAZ"]
[Date "2012.07.08"]
[Round "13"]
[White "Topalov, Veselin"]
[Black "Ismagambetov, Anuar"]
[Result "1/2-1/2"]
[WhiteTitle "GM"]
[BlackTitle "GM"]
[WhiteElo "2752"]
[BlackElo "2471"]
[WhiteFideId "2900084"]
[BlackFideId "13701525"]
[EventDate "2012.07.01"]

1. Nf3 Nf6 2. c4 e6 3. d4 c5 4. Nc3 cxd4 5. Nxd4 Bb4 6. g3 O-O 7. Bg2 d5 8. cxd5
Nxd5 9. Qb3 Qb6 10. Bxd5 exd5 11. Be3 Nc6 12. Nxc6 Bxc3+ 13. Qxc3 Qxc6 14. Qxc6
bxc6 15. Kd2 Bd7 16. Rhc1 Rfb8 17. b3 f6 18. Rab1 Kf7 19. Rc5 a6 20. a4 Rb7 21.
Rb2 Ke7 22. Kc3 Kd6 23. Ra5 Ke7 24. b4 Ke6 25. g4 Kf7 26. f3 g6 27. Bd4 Rbb8 28.
e3 Re8 29. h4 h5 30. Rf2 Rec8 31. gxh5 gxh5 32. Rg2 Re8 33. Rg3 Re7 34. Bc5 Ree8
35. Kd4 Bf5 36. Bd6 Bc2 37. Rg1 Bf5 38. Bf4 Re7 39. b5 cxb5 40. axb5 Rb7 41.
Rxa6 Rxa6 42. bxa6 Ra7 43. Kxd5 Rxa6 44. e4 Be6+ 45. Kd4 Ra3 46. Rg3 Bb3 47. Bh6
Bd1 48. Rg7+ Ke8 49. f4 Ra4+ 50. Kd3 Bf3 51. e5 fxe5 52. fxe5 Rxh4 53. e6 Re4
54. Rg8+ Ke7 55. Rg3 Bh1 56. Rh3 Bg2 57. Rxh5 1/2-1/2

[Event "World Rapid Final"]
[Site "Astana KAZ"]
[Date "2012.07.08"]
[Round "13"]
[White "Morozevich, Alexander"]
[Black "Tkachiev, Vladislav"]
[Result "1/2-1/2"]
[WhiteTitle "GM"]
[BlackTitle "GM"]
[WhiteElo "2770"]
[BlackElo "2644"]
[WhiteFideId "4116992"]
[BlackFideId "618438"]
[EventDate "2012.07.01"]

1. e4 e5 2. Nf3 Nc6 3. Bb5 a6 4. Ba4 Nf6 5. O-O Be7 6. d3 d6 7. c3 O-O 8. Re1
Re8 9. Nbd2 Bf8 10. h3 h6 11. d4 b5 12. Bc2 Bb7 13. d5 Ne7 14. b3 c6 15. c4 b4
16. Nf1 c5 17. g4 Ng6 18. Kh2 Bc8 19. Ne3 Nh7 20. a3 bxa3 21. Rxa3 Ng5 22. Nxg5
hxg5 23. Bd2 Nf4 24. Ng2 Rb8 25. Qf3 Be7 26. Rea1 g6 27. Bc3 Bf6 28. Nxf4 exf4
29. Kg2 Kg7 30. Qd3 Bxc3 31. Qxc3+ Qf6 32. Qxf6+ Kxf6 33. f3 Ke5 34. Rd1 Rb6 35.
Ra5 Bd7 36. Rd2 Rh8 37. Rd1 Re8 38. Rd2 Rh8 39. Rd1 1/2-1/2

[Event "World Rapid Final"]
[Site "Astana KAZ"]
[Date "2012.07.08"]
[Round "13"]
[White "Dreev, Aleksey"]
[Black "Kurnosov, Igor"]
[Result "1/2-1/2"]
[WhiteTitle "GM"]
[BlackTitle "GM"]
[WhiteElo "2677"]
[BlackElo "2663"]
[WhiteFideId "4100107"]
[BlackFideId "4142527"]
[EventDate "2012.07.01"]

1. d4 Nf6 2. c4 g6 3. Nc3 d5 4. Bg5 Ne4 5. Bh4 Nxc3 6. bxc3 dxc4 7. e3 Be6 8.
Nf3 Nd7 9. Ng5 Bd5 10. e4 h6 11. exd5 hxg5 12. Bxg5 Nb6 13. Bxc4 Nxc4 14. Qa4+
c6 15. Qxc4 Qxd5 16. Qxd5 cxd5 17. Kd2 O-O-O 18. h4 Rd6 19. g3 Ra6 20. a4 Bh6
21. Bxh6 Rxh6 22. Rhe1 e6 23. Reb1 Rh8 24. Rb4 Kc7 25. Rab1 Rb8 26. g4 Rc6 27.
a5 Ra6 28. Rb5 b6 29. axb6+ axb6 30. R5b2 Rh8 31. Rh1 Kd7 32. Ke3 Ke7 33. Rb3
Kf6 34. Kf3 Ra2 35. Kg3 Rc2 36. Re1 Rc8 37. Re3 Kg7 38. Rf3 Rc4 39. Ra3 Rc7 40.
Rb3 Rc4 41. Ra3 Rc7 42. Rb3 b5 43. Re3 Rc4 44. Rd3 Rc1 45. Kg2 Rc2 46. Kg3 Rc1
47. Kg2 Rc2 48. Kg3 Rc1 49. Kg2 1/2-1/2

[Event "World Rapid Final"]
[Site "Astana KAZ"]
[Date "2012.07.08"]
[Round "13"]
[White "Mamedyarov, Shakhriyar"]
[Black "Svidler, Peter"]
[Result "0-1"]
[WhiteTitle "GM"]
[BlackTitle "GM"]
[WhiteElo "2726"]
[BlackElo "2749"]
[WhiteFideId "13401319"]
[BlackFideId "4102142"]
[EventDate "2012.07.01"]

1. d4 Nf6 2. c4 g6 3. Nc3 d5 4. Bg5 Ne4 5. Bh4 Nxc3 6. bxc3 dxc4 7. e3 Be6 8.
Nf3 Bg7 9. Rb1 O-O 10. Rxb7 Bd5 11. Rb1 c5 12. Be2 Qa5 13. O-O Nc6 14. Qc2 Be6
15. Rfd1 cxd4 16. Nxd4 Nxd4 17. cxd4 Bf6 18. Bxf6 exf6 19. Bf3 Rac8 20. d5 Bd7
21. Rd4 Ba4 22. Qc1 Bd7 23. Qc2 c3 24. h4 Rb8 25. Rxb8 Rxb8 26. Rc4 Rc8 27.
Rxc8+ Bxc8 28. d6 Qc5 29. Be4 Be6 30. g3 Kg7 31. Qd3 f5 0-1

[Event "World Rapid Final"]
[Site "Astana KAZ"]
[Date "2012.07.08"]
[Round "14"]
[White "Carlsen, Magnus"]
[Black "Radjabov, Teimour"]
[Result "1/2-1/2"]
[WhiteTitle "GM"]
[BlackTitle "GM"]
[WhiteElo "2837"]
[BlackElo "2788"]
[WhiteFideId "1503014"]
[BlackFideId "13400924"]
[EventDate "2012.07.01"]

1. e4 c5 2. Nf3 Nc6 3. d4 cxd4 4. Nxd4 e5 5. Nb5 a6 6. Nd6+ Bxd6 7. Qxd6 Qe7 8.
Qxe7+ Ngxe7 9. Nc3 d5 10. Bd2 Be6 11. O-O-O O-O-O 12. f3 Kc7 13. b3 f6 14. exd5
Nxd5 15. Nxd5+ Rxd5 16. Bd3 h6 17. Be4 Rd7 18. Bc3 Rhd8 19. Rxd7+ Rxd7 20. Re1
Bd5 21. Bf5 Rd8 22. Kb2 Bf7 23. Bd3 Bd5 24. a4 a5 25. Re3 Nb4 26. Bf5 Nc6 27. g3
b6 28. f4 Re8 29. fxe5 Nxe5 30. Bd4 Bc6 31. h4 Nf3 32. Rxe8 Bxe8 33. Bf2 g5 34.
Kc3 Bc6 35. Kb2 Be8 36. c3 Bc6 37. Ka3 Bd5 38. Bc2 Bc6 39. c4 Bd7 40. Be4 Bc6
41. Bf5 Be8 42. Kb2 Bc6 43. Kc3 Be8 44. Be4 Bc6 45. Bf5 Be8 46. Be6 Bc6 47. Bg4
Be4 48. hxg5 hxg5 49. c5 bxc5 50. Bxc5 f5 51. Bh5 Bd5 52. Be3 Kc6 53. Bg6 Be6
54. Be8+ Kb7 55. Bb5 Bd5 56. Bd3 Be6 57. Bc2 Kc6 58. Bd1 Bd5 59. Be2 Kb7 60. Bd1
Be4 61. Bc5 Bd5 62. Bd6 Kc6 63. Be7 Kd7 64. Bf8 Kc6 65. Bg7 Kc7 66. Be2 f4 67.
gxf4 gxf4 68. Bh6 Bxb3 69. Bxf4+ Kd8 70. Bxf3 Bxa4 71. Kd4 Bb3 72. Bd6 Kd7 73.
Ke5 a4 1/2-1/2

[Event "World Rapid Final"]
[Site "Astana KAZ"]
[Date "2012.07.08"]
[Round "14"]
[White "Kazhgaleyev, Murtas"]
[Black "Ivanchuk, Vassily"]
[Result "1-0"]
[WhiteTitle "GM"]
[BlackTitle "GM"]
[WhiteElo "2589"]
[BlackElo "2769"]
[WhiteFideId "13700316"]
[BlackFideId "14100010"]
[EventDate "2012.07.01"]

1. d4 Nf6 2. c4 e6 3. Nf3 b6 4. Nc3 Bb7 5. Bg5 Be7 6. e3 O-O 7. Bd3 c5 8. O-O
cxd4 9. exd4 d5 10. Bxf6 Bxf6 11. cxd5 exd5 12. Qb3 Nc6 13. Rad1 Na5 14. Qc2 g6
15. Rfe1 Rc8 16. Qd2 Nc4 17. Bxc4 dxc4 18. d5 Re8 19. d6 Qd7 20. Rxe8+ Rxe8 21.
Qf4 Re6 22. h4 Bxf3 23. Qxf3 Bxh4 24. Qd5 Bf6 25. Ne4 Bxb2 26. Qxc4 Be5 27. g3
h5 28. Qd5 Kg7 29. Ng5 Re8 30. Nxf7 Bb2 31. Ng5 h4 32. Qc4 hxg3 33. Qc7 Re7 34.
Kg2 gxf2 1-0

[Event "World Rapid Final"]
[Site "Astana KAZ"]
[Date "2012.07.08"]
[Round "14"]
[White "Svidler, Peter"]
[Black "Karjakin, Sergey"]
[Result "0-1"]
[WhiteTitle "GM"]
[BlackTitle "GM"]
[WhiteElo "2749"]
[BlackElo "2779"]
[WhiteFideId "4102142"]
[BlackFideId "14109603"]
[EventDate "2012.07.01"]

1. Nf3 Nf6 2. c4 b6 3. d4 e6 4. g3 Ba6 5. b3 Bb4+ 6. Bd2 Be7 7. Bg2 c6 8. O-O d5
9. Qc2 O-O 10. Rd1 Nbd7 11. a4 c5 12. cxd5 Nxd5 13. Nc3 Rc8 14. Qb2 Bb7 15. dxc5
Nxc5 16. Bf4 Qe8 17. Be5 f6 18. Bd4 Qf7 19. Rac1 Nxc3 20. Rxc3 Rfd8 21. Rdc1
Bxf3 22. Rxf3 Nxa4 23. bxa4 Rxc1+ 24. Qxc1 Rxd4 25. a5 bxa5 26. Rc3 Bf8 27. e3
Rd8 28. Rc6 a4 29. Bf1 Qb7 30. Qc4 Qb3 31. Rxe6 Rd1 32. Rc6+ Qxc4 33. Rxc4 a3
34. Ra4 Bc5 35. Kg2 Kf8 36. Bc4 Rc1 37. Bd5 Ke7 38. h4 Kd6 39. Bg8 h6 40. Kf3
Rc2 41. Bb3 Rb2 42. Bc4 Kc6 43. Ra6+ Kb7 44. Ra4 Bb4 0-1

[Event "World Rapid Final"]
[Site "Astana KAZ"]
[Date "2012.07.08"]
[Round "14"]
[White "Kurnosov, Igor"]
[Black "Mamedyarov, Shakhriyar"]
[Result "0-1"]
[WhiteTitle "GM"]
[BlackTitle "GM"]
[WhiteElo "2663"]
[BlackElo "2726"]
[WhiteFideId "4142527"]
[BlackFideId "13401319"]
[EventDate "2012.07.01"]

1. e4 e5 2. Nf3 Nc6 3. Bb5 a6 4. Ba4 Nf6 5. O-O Be7 6. Re1 b5 7. Bb3 d6 8. c3
O-O 9. h3 Nb8 10. d4 Nbd7 11. Nbd2 Bb7 12. Bc2 Re8 13. Nf1 Bf8 14. Ng3 c6 15.
Be3 Qc7 16. Qe2 g6 17. h4 Ng4 18. Bg5 h5 19. Rad1 Bg7 20. Qd2 d5 21. Bb3 Nb6 22.
dxe5 Nxe5 23. Nxe5 Bxe5 24. f4 Bg7 25. e5 Nc4 26. Qf2 Qb6 27. Rd4 c5 28. Rdd1
Nxb2 29. Qxb2 c4+ 30. Kh2 cxb3 31. axb3 Rac8 32. Ne2 a5 33. Nd4 b4 34. cxb4 axb4
35. Rc1 Rc3 36. Rxc3 bxc3 37. Qxc3 Bf8 38. Qb2 Bc5 39. Rd1 Bc8 40. Nf3 Be6 41.
Bf6 Be3 42. Kg3 Rc8 43. Rd3 Bf5 44. Rxd5 Qb4 45. Bg5 Be4 46. Rd6 Bxf3 47. gxf3
Qe1+ 48. Kh3 Bf2 49. Rd1 Qxd1 50. Qxf2 Rc2 0-1

[Event "World Rapid Final"]
[Site "Astana KAZ"]
[Date "2012.07.08"]
[Round "14"]
[White "Tkachiev, Vladislav"]
[Black "Bologan, Viktor"]
[Result "0-1"]
[WhiteTitle "GM"]
[BlackTitle "GM"]
[WhiteElo "2644"]
[BlackElo "2732"]
[WhiteFideId "618438"]
[BlackFideId "13900048"]
[EventDate "2012.07.01"]

1. e4 g6 2. d4 Bg7 3. Nc3 c6 4. Nf3 d6 5. Be3 Nf6 6. Qd2 Qa5 7. h3 e5 8. Bd3 O-O
9. O-O Nbd7 10. Rfe1 Re8 11. a3 Nf8 12. Rad1 Qc7 13. Bf1 b6 14. dxe5 dxe5 15.
Qd6 Qxd6 16. Rxd6 Bb7 17. Red1 b5 18. Nd2 a5 19. f3 Ne6 20. Nb3 Bf8 21. R6d2 Nh5
22. Kh2 a4 23. Nc1 f5 24. Nd3 Bd6 25. Nb4 Nd4 26. exf5 gxf5 27. f4 Bc5 28. Nd3
Nf3+ 29. gxf3 Bxe3 30. Rg2+ Kh8 31. fxe5 Nf4 32. Nxf4 Bxf4+ 33. Kg1 Bxe5 34. Bd3
Rf8 35. Re1 Bf6 36. Kf1 b4 37. Nd1 c5 38. Bxf5 Bh4 39. Re5 Bxf3 40. Rd2 Bg3 41.
Rxc5 Be4 42. Ne3 Bf4 43. Rd7 Bxe3 44. Rxh7+ Kg8 45. Rcc7 Rxf5+ 46. Ke2 Bd4 47.
Rh4 Bf3+ 48. Kd3 Bxb2 0-1

[Event "World Rapid Final"]
[Site "Astana KAZ"]
[Date "2012.07.08"]
[Round "14"]
[White "Ismagambetov, Anuar"]
[Black "Morozevich, Alexander"]
[Result "1/2-1/2"]
[WhiteTitle "GM"]
[BlackTitle "GM"]
[WhiteElo "2471"]
[BlackElo "2770"]
[WhiteFideId "13701525"]
[BlackFideId "4116992"]
[EventDate "2012.07.01"]

1. e4 e6 2. d4 d5 3. Nc3 Bb4 4. e5 c5 5. a3 Bxc3+ 6. bxc3 Ne7 7. Qg4 cxd4 8.
Qxg7 Rg8 9. Qxh7 Qc7 10. Ne2 dxc3 11. f4 Bd7 12. Qd3 Nf5 13. Qxc3 Nc6 14. Ng3 d4
15. Qd3 O-O-O 16. Be2 Nh4 17. Rg1 Kb8 18. Bb2 Ne7 19. O-O-O Bc6 20. Bf3 Nxf3 21.
gxf3 Rc8 22. Kb1 Ba4 23. Rc1 Rgd8 24. Ne4 Nf5 25. c4 Rh8 26. c5 Rxh2 27. Nd6 Rd8
28. Bxd4 Bc6 29. Rh1 Rxh1 30. Rxh1 Nxd4 31. Qxd4 Qa5 32. Kb2 Bxf3 33. Rh7 Rg8
34. Rh2 Bd5 35. f5 Qe1 36. fxe6 fxe6 37. Nb5 a6 38. Nc3 Bc6 39. Rd2 Ka7 40. Re2
Qf1 41. Rf2 Qg1 42. Rd2 Qf1 43. Rf2 Qh3 44. Rd2 Qf5 45. Qb4 Rc8 46. Rd8 Kb8 47.
Qd4 Rxd8 48. Qxd8+ 1/2-1/2

[Event "World Rapid Final"]
[Site "Astana KAZ"]
[Date "2012.07.08"]
[Round "14"]
[White "Grischuk, Alexander"]
[Black "Topalov, Veselin"]
[Result "0-1"]
[WhiteTitle "GM"]
[BlackTitle "GM"]
[WhiteElo "2763"]
[BlackElo "2752"]
[WhiteFideId "4126025"]
[BlackFideId "2900084"]
[EventDate "2012.07.01"]

1. e4 c5 2. Nf3 Nc6 3. Bb5 e6 4. Bxc6 bxc6 5. b3 d5 6. Nc3 Ne7 7. O-O Ng6 8. Re1
f6 9. Ba3 e5 10. Na4 Nf4 11. Bxc5 Bxc5 12. Nxc5 O-O 13. d4 Bg4 14. h3 Bh5 15.
Nd3 Nxh3+ 16. gxh3 f5 17. exd5 e4 18. Nde5 exf3 19. Qd2 Qh4 20. Qd3 Qg5+ 0-1

[Event "World Rapid Final"]
[Site "Astana KAZ"]
[Date "2012.07.08"]
[Round "15"]
[White "Topalov, Veselin"]
[Black "Carlsen, Magnus"]
[Result "1/2-1/2"]
[WhiteTitle "GM"]
[BlackTitle "GM"]
[WhiteElo "2752"]
[BlackElo "2837"]
[WhiteFideId "2900084"]
[BlackFideId "1503014"]
[EventDate "2012.07.01"]

1. Nf3 d5 2. d4 Nf6 3. c4 c6 4. Nc3 a6 5. e3 Bf5 6. Bd3 e6 7. Bxf5 exf5 8. Qb3
Ra7 9. Bd2 dxc4 10. Qxc4 Bd6 11. O-O O-O 12. Qd3 g6 13. e4 fxe4 14. Nxe4 Nxe4
15. Qxe4 Nd7 16. Bg5 Qa5 17. Rfe1 Raa8 18. h3 Nb6 19. Bh6 Rfd8 20. Ne5 Qd5 21.
Qh4 Re8 22. Qf6 Bf8 23. Bxf8 Rxf8 24. Ng4 h5 25. Ne5 Qd8 26. Qf4 Kg7 27. Re4 Nd5
28. Qf3 Qd6 29. Rae1 Rad8 30. a3 Qc7 31. Nd3 Rd6 32. Nc5 a5 33. Qg3 Rfd8 34. Re5
b6 35. Ne4 R6d7 36. Ng5 Qd6 37. Ne4 Qc7 38. Qf3 c5 39. Ng3 h4 40. Nh5+ gxh5 41.
Qxh5 Rd6 42. Rg5+ Rg6 43. Rxd5 Qc6 44. Qxg6+ Qxg6 45. Rxd8 c4 46. d5 Qc2 47. d6
Qd2 48. Re4 Qxb2 49. Rxc4 Qa1+ 50. Kh2 Qe5+ 51. Kg1 Qe1+ 52. Kh2 Qe5+ 53. f4 Qe3
54. d7 Qg3+ 1/2-1/2

[Event "World Rapid Final"]
[Site "Astana KAZ"]
[Date "2012.07.08"]
[Round "15"]
[White "Morozevich, Alexander"]
[Black "Grischuk, Alexander"]
[Result "1/2-1/2"]
[WhiteTitle "GM"]
[BlackTitle "GM"]
[WhiteElo "2770"]
[BlackElo "2763"]
[WhiteFideId "4116992"]
[BlackFideId "4126025"]
[EventDate "2012.07.01"]

1. e4 e5 2. Nf3 Nc6 3. Bb5 Nf6 4. O-O Nxe4 5. d4 Nd6 6. Ba4 exd4 7. c3 d3 8.
Qxd3 Be7 9. Re1 O-O 10. Bf4 Ne8 11. Nbd2 d6 12. Bxc6 bxc6 13. Qe4 Bf6 14. Qxc6
Rb8 15. b4 Qd7 16. Qc4 Qf5 17. Be3 Be6 18. Nd4 Bxc4 19. Nxf5 Bd3 20. Nd4 c5 21.
bxc5 dxc5 22. N4f3 Rc8 23. Nb3 c4 24. Nbd4 Nc7 25. Bg5 Bxg5 26. Nxg5 Nd5 27.
Rac1 Rfe8 28. Ngf3 f6 29. g3 g5 30. Red1 Rcd8 31. Ne1 Nxc3 32. Rxc3 Rxd4 33.
Nxd3 Red8 34. Nb2 Rxd1+ 35. Nxd1 Rxd1+ 36. Kg2 Ra1 37. Rxc4 Rxa2 38. Rc7 a5 39.
g4 a4 40. Ra7 h6 41. h3 a3 42. Kf3 Kf8 43. Ke3 Ke8 44. f3 Rh2 45. Rxa3 Kf7 46.
Ra8 Rxh3 47. Kf2 Rh1 48. Kg2 Re1 49. Kg3 Re8 50. Ra7+ Kg6 51. Ra6 Re5 52. Rb6
Ra5 53. Rc6 Ra4 54. Rb6 Rf4 55. Ra6 h5 56. gxh5+ Kxh5 57. Rb6 Kg6 58. Ra6 Rb4
59. Rc6 Rb5 60. Ra6 Kf5 61. Rc6 Rb4 62. Rc5+ Ke6 63. Ra5 f5 64. Ra6+ Kf7 65. Rc6
Rd4 66. Rb6 Kg7 67. Rc6 Rh4 68. Rc5 Kf6 69. Rc6+ Ke5 70. Rc5+ Ke6 71. Rc6+ Kd5
72. Ra6 f4+ 73. Kg2 Ke5 74. Ra5+ Kf6 75. Ra6+ Kf5 76. Ra5+ Kg6 1/2-1/2

[Event "World Rapid Final"]
[Site "Astana KAZ"]
[Date "2012.07.08"]
[Round "15"]
[White "Bologan, Viktor"]
[Black "Ismagambetov, Anuar"]
[Result "1/2-1/2"]
[WhiteTitle "GM"]
[BlackTitle "GM"]
[WhiteElo "2732"]
[BlackElo "2471"]
[WhiteFideId "13900048"]
[BlackFideId "13701525"]
[EventDate "2012.07.01"]

1. e4 e5 2. Nf3 Nc6 3. Bc4 Bc5 4. O-O d6 5. c3 Nf6 6. d3 O-O 7. Bb3 Bb6 8. h3
Ne7 9. Nbd2 Ng6 10. Nc4 Kh8 11. a4 c6 12. Nxb6 axb6 13. Be3 c5 14. Nd2 h6 15. d4
Bd7 16. Bc2 Qc7 17. b4 b5 18. dxc5 bxa4 19. Bxa4 dxc5 20. bxc5 Nf4 21. Bxd7 Rxa1
22. Qxa1 Nxd7 23. Qa3 Ne6 24. Nb3 Rc8 25. Qb4 Ndxc5 26. Nxc5 Nxc5 27. Bxc5 Qxc5
28. Qxb7 Rc7 29. Qa8+ Rc8 30. Qa2 Qc4 31. Qa7 Qxe4 32. Qxf7 Rxc3 33. Qe6 Kh7 34.
f3 Qe3+ 35. Kh1 Qg5 36. Qa2 Rc1 37. Qe2 Rxf1+ 38. Qxf1 Qe3 39. Kh2 Kg6 40. Qb1+
Kf6 41. Qd1 Qf4+ 42. g3 Qe3 43. Kg2 Ke6 44. Qc2 Kf6 45. h4 h5 46. Qc6+ Kf7 47.
Qd5+ Ke7 48. Qb7+ Kf6 49. Qc6+ Kf7 50. Qc2 Kf6 51. Qd1 Ke7 52. Qc2 Kf6 53. Qc6+ 1/2-1/2

[Event "World Rapid Final"]
[Site "Astana KAZ"]
[Date "2012.07.08"]
[Round "15"]
[White "Karjakin, Sergey"]
[Black "Kurnosov, Igor"]
[Result "1/2-1/2"]
[WhiteTitle "GM"]
[BlackTitle "GM"]
[WhiteElo "2779"]
[BlackElo "2663"]
[WhiteFideId "14109603"]
[BlackFideId "4142527"]
[EventDate "2012.07.01"]

1. e4 c5 2. Nf3 e6 3. Nc3 Nc6 4. d4 cxd4 5. Nxd4 Qc7 6. Be3 a6 7. Be2 b5 8. O-O
Bb7 9. Nxc6 Bxc6 10. a3 Nf6 11. Bd3 Be7 12. f4 d6 13. Qf3 Qb7 14. Rae1 O-O 15.
Bd4 b4 16. axb4 Qxb4 17. Ne2 d5 18. e5 Ne4 19. Qe3 g6 20. Nc3 Bc5 21. Ne2 Rfc8
22. Bxe4 Bxd4 23. Qxd4 Qxd4+ 24. Nxd4 dxe4 25. Kf2 Bd5 26. b3 a5 27. c4 Bb7 28.
Nb5 Bc6 29. Nd4 Rab8 30. Re3 a4 31. bxa4 Bxa4 32. Rc1 Rb2+ 33. Re2 Rb4 34. Ke3
Rcxc4 35. Rxc4 Rxc4 36. Kxe4 Bc6+ 37. Ke3 Bd5 38. g3 Rc3+ 39. Kf2 Rd3 40. Nc2
Kg7 41. Re3 Rd2+ 42. Re2 Rd3 43. Re3 Rd2+ 44. Re2 Rd3 1/2-1/2

[Event "World Rapid Final"]
[Site "Astana KAZ"]
[Date "2012.07.08"]
[Round "15"]
[White "Ivanchuk, Vassily"]
[Black "Svidler, Peter"]
[Result "1-0"]
[WhiteTitle "GM"]
[BlackTitle "GM"]
[WhiteElo "2769"]
[BlackElo "2749"]
[WhiteFideId "14100010"]
[BlackFideId "4102142"]
[EventDate "2012.07.01"]

1. c4 e5 2. g3 Nc6 3. Bg2 Nf6 4. Nc3 Bc5 5. e3 d5 6. cxd5 Nb4 7. Nf3 Nd3+ 8. Ke2
Bf5 9. Qa4+ c6 10. Nh4 Nxc1+ 11. Rhxc1 Bg4+ 12. Ke1 b5 13. Nxb5 cxb5 14. Qxb5+
Nd7 15. Rxc5 O-O 16. Rc3 Rb8 17. Qc4 Nf6 18. b3 Rc8 19. Qb4 Rb8 20. Qa4 Bd7 21.
Qc4 Rc8 22. Qd3 Rb8 23. Nf5 Bb5 24. Qc2 g6 25. a4 gxf5 26. axb5 e4 27. Bf1 Nxd5
28. Rc5 1-0

[Event "World Rapid Final"]
[Site "Astana KAZ"]
[Date "2012.07.08"]
[Round "15"]
[White "Radjabov, Teimour"]
[Black "Kazhgaleyev, Murtas"]
[Result "1-0"]
[WhiteTitle "GM"]
[BlackTitle "GM"]
[WhiteElo "2788"]
[BlackElo "2589"]
[WhiteFideId "13400924"]
[BlackFideId "13700316"]
[EventDate "2012.07.01"]

1. Nf3 g6 2. e4 c5 3. c3 d5 4. exd5 Qxd5 5. Na3 Bg7 6. Bc4 Qd8 7. Qb3 Nh6 8. d4
O-O 9. dxc5 Nd7 10. Qb4 a5 11. Qb5 Qc7 12. Be2 Nxc5 13. Be3 b6 14. Qc4 Nf5 15.
Bxc5 bxc5 16. Nb5 Qb6 17. a4 Be6 18. Qf4 Bd5 19. O-O e5 20. Nxe5 Bxe5 21. Qxe5
Bxg2 22. Rfe1 Bc6 23. Qc7 Qxc7 24. Nxc7 Rac8 25. Nb5 Rcd8 26. Rad1 Nh4 27. Rd6
Rxd6 28. Nxd6 Rd8 29. Nc4 Re8 30. Ne3 f5 31. Kf1 Kf8 32. Bb5 Bxb5+ 33. axb5 Nf3
34. Ra1 f4 35. Nc4 a4 36. b6 g5 37. b7 g4 38. Nd6 Rb8 39. Rxa4 Ke7 40. Ra8 1-0